000 01344nam a2200253Ia 4500
999 _c40826
_d40826
001 7466
003 GE_BSU
005 20231211152843.0
008 181216s1968||||ge |||||||||||||| ||geo||
040 _cGE_BSU
041 _ageo
080 _a821.353.1-31 დ- 26
100 _aდგებუაძე-ფულარია, ფუცუ
_920637
245 _aოქროს ბეჭედი :
_bრომანი ; მოგონებები ; ქართველი მოღვაწე ქალები /
_cფუცუ დგებუაძე-ფულარია ; რედ. : ლ. სულაბერიძე, მ. ქოიავა ; მხატვ. ო. ჯიშკარიანი.
264 _aთბილისი :
_bლიტერატურა და ხელოვნება,
_c1968.
300 _a825 გვ. ;
_c22 სმ.
653 _aოქროს ბეჭედი
653 _aრომანი- მოგონებები
653 _aქართველი მოღვაწე ქალები
700 _aსულაბერიძე, ლ.
_eრედაქტორი
_920659
700 _aქოიავა, მ.
_eრედაქტორი
_94864
700 _aჯიშკარიანი, ო.
_eრედაქტორი
_94870
942 _cBK
_2udc